书目信息 |
| 题名: |
商务英语词汇王
|
|
| 作者: | 戴卫平 , 梅丽 , 王跃 主编 | |
| 分册: | ||
| 出版信息: | 北京 中国宇航出版社 2009.01 |
|
| 页数: | 530页 | |
| 开本: | 19cm | |
| 丛书名: | ||
| 单 册: | ||
| 中图分类: | H313.1 | |
| 科图分类: | ||
| 主题词: | 商务--shang wu--英语--词汇 | |
| 电子资源: | ||
| ISBN: | 978-7-80218-481-7 | |
| 000 | 00917nam0 2200265 450 | |
| 001 | 012009581169 | |
| 005 | 20090503110050.25 | |
| 010 | @a978-7-80218-481-7@dCNY34.80 (含光盘) | |
| 010 | @a978-7-900248-65-7@b光盘 | |
| 100 | @a20090503d2009 em y0chi0120 ea | |
| 101 | 0 | @achi@aeng |
| 102 | @aCN@b110000 | |
| 105 | @ay z 000yy | |
| 106 | @ar | |
| 200 | 1 | @a商务英语词汇王@Ashang wu ying yu ci hui wang@f戴卫平, 梅丽, 王跃主编@Fdai wei ping,mei li,wang yue zhu bian |
| 210 | @a北京@c中国宇航出版社@d2009.01 | |
| 215 | @a530页@d19cm@e光盘1片 | |
| 330 | @a本书收录了6000词汇,内容涵盖国际贸易、金融税收、企业管理、电子商务、人力资源、商务谈判、广告营销等方面。 | |
| 606 | 0 | @a商务@Ashang wu@x英语@x词汇 |
| 690 | @aH313.1@v4 | |
| 701 | 0 | @a戴卫平@Adai wei ping@4主编 |
| 701 | 0 | @a梅丽@Amei li@4主编 |
| 701 | 0 | @a王跃@Awang yue@4主编 |
| 801 | 0 | @aCN@bQSSK@c20090503 |
| 905 | @b742135-37@dH313.1@eD134@f3 | |
| 商务英语词汇王/戴卫平, 梅丽, 王跃主编.-北京:中国宇航出版社,2009.01 |
| 530页;19cm+光盘1片 |
| ISBN 978-7-80218-481-7:CNY34.80 (含光盘) |
| 本书收录了6000词汇,内容涵盖国际贸易、金融税收、企业管理、电子商务、人力资源、商务谈判、广告营销等方面。 |
| ● |
| 相关链接 |
|
|
|
正题名:商务英语词汇王
索取号:H313.1/D134
 
预约/预借
| 序号 | 登录号 | 条形码 | 馆藏地/架位号 | 状态 | 备注 |
| 1 | 742135 | 207421351 | 语言库209/209语言库 32排1列3层/ [索取号:H313.1/D134] | 在馆 | |
| 2 | 742136 | 207421360 | 语言库209/209语言库 32排1列3层/ [索取号:H313.1/D134] | 在馆 | |
| 3 | 742137 | 207421379 | 语言库209/209语言库 32排1列3层/ [索取号:H313.1/D134] | 在馆 |